Southville International School and Colleges
Your cart is empty.
  • Cart
  • Lists
    Public lists Eva Luna New books Lux_list list_1
    Your lists Log in to create your own lists
  • Log in to your account
  • Your cookies
  • Search history
Southville International School and Colleges
  • Advanced search
  • Recent comments
  • Most popular
  • Libraries

Log in to your account

Log in with GOOGLE


If you do not have an external account, but do have a local account, you can still log in:

  1. Home
  2. MARC view: Researching the psychotherapy process :
Normal view MARC view ISBD view

Researching the psychotherapy process : (Record no. 21629)

[ view plain ]
MARC details
000 -LEADER
fixed length control field 00617nam a2200205 a 4500
005 - DATE AND TIME OF LATEST TRANSACTION
control field 20140310183333.0
008 - FIXED-LENGTH DATA ELEMENTS--GENERAL INFORMATION
fixed length control field 060901s19uu xx 00 eng d
020 ## - INTERNATIONAL STANDARD BOOK NUMBER
International Standard Book Number 1403922063
050 ## - LIBRARY OF CONGRESS CALL NUMBER
Classification number RC 475
Item number .L598 2006
100 ## - MAIN ENTRY--PERSONAL NAME
Personal name Lepper, Georgia
245 ## - TITLE STATEMENT
Title Researching the psychotherapy process :
Remainder of title a practical guide to transcript-based methods /
Statement of responsibility, etc Georgia Lepper et.al.
260 ## - PUBLICATION, DISTRIBUTION, ETC. (IMPRINT)
Place of publication, distribution, etc New York :
Name of publisher, distributor, etc Palgrave Macmillan,
Date of publication, distribution, etc 2006.
300 ## - PHYSICAL DESCRIPTION
Extent 256 p. :
Dimensions 23 cm.
521 ## - TARGET AUDIENCE NOTE
Target audience note
650 ## - SUBJECT ADDED ENTRY--TOPICAL TERM
Topical term or geographic name as entry element Psychotherapy.
650 ## - SUBJECT ADDED ENTRY--TOPICAL TERM
Topical term or geographic name as entry element Cognitive therapy.
700 ## - ADDED ENTRY--PERSONAL NAME
Personal name Riding, Nick
942 ## - ADDED ENTRY ELEMENTS (KOHA)
Koha item type Books
Source of classification or shelving scheme Library of Congress Classification
Call number prefix Foreign
Holdings
Withdrawn status Lost status Source of classification or shelving scheme Damaged status Home library Current library Shelving location Date acquired Source of acquisition Cost, normal purchase price Total Checkouts Full call number Barcode Date last seen Copy number Price effective from Koha item type
    Library of Congress Classification   College Library College Library General Circulation Section 02/24/2010 Donation 2834.00   RC 475 .L598 2006 C7591 05/15/2018 1 10/10/2013 Books

Researching the psychotherapy process :

APA

Lepper G., Riding N., . (2006). Researching the psychotherapy process. New York: Palgrave Macmillan.

Chicago

Lepper Georgia, Riding Nick, . 2006. Researching the psychotherapy process. New York: Palgrave Macmillan.

Harvard

Lepper G., Riding N., . (2006). Researching the psychotherapy process. New York: Palgrave Macmillan.

MLA

Lepper Georgia, Riding Nick, . Researching the psychotherapy process. New York: Palgrave Macmillan. 2006.

  • Place hold
  • Print
  • Cite
  • Add to your cart (remove)
  • Save record
    BIBTEX Dublin Core MARCXML MARC (non-Unicode/MARC-8) MARC (Unicode/UTF-8) MARC (Unicode/UTF-8, Standard) MODS (XML) RIS
  • More searches
    Search for this title in:
    Other Libraries (WorldCat) Other Databases (Google Scholar) Online Stores (Bookfinder.com) Open Library (openlibrary.org)

Exporting to Dublin Core...

SOUTHVILLE LIBRARY

Southville International School and Colleges Library

1281 Tropical Ave. Cor. Luxembourg St., BF Homes International, Las Pinas City

Tel. No. 8256374 / 252358 Loc. 117/146

Powered by Koha